000 00399nam a22001697a 4500
003 UA-OsUOA
001 2922
007 ta
008 20050721b un ||||| |||| 00| 0 ukr d
100 _aБулаховський
700 _aЛ. А.
942 _cBK
040 _aUA-OsUOA
_cUA-OsUOA
_dUA-OsUOA
245 _aЗначення мовознавства.
_bLinguistics
955 _a2
650 7 _2UDC
999 _c289084
_d289084